000 00763nam a2200241 i 4500
001 67462
003 ES-MaACL
005 20250826072530.0
007 t|
008 040527s2003 sp ||||1| spa d
020 _a84-206-4321-1
080 _a364.4
245 0 0 _aIntroducción al trabajo social /
_cTomás Fernández García, Carmen Alemán Bracho (coords.).
260 _aMadrid :
_bAlianza Editorial,
_c[2003]
300 _a596 p. ;
_c24 cm.
490 1 _aManuales/Ciencias sociales ;
_v87
650 1 7 _aTrabajo social
_2embne
_917602
700 1 _aFernández García, Tomás.
_949814
700 1 _aAlemán Bracho, Carmen.
_919719
830 0 _aManuales/Ciencias sociales ;
_v87
_9228705
852 _aES-MaACL
_jL-27640
999 _c67462
_d67462